Podporované rozhodovanie ... súčasť projektu Spoločne proti diskriminácii ľudí s mentálnym postihnutím

Bibliographic Details
Main Authors: Mišová, Iveta (Author), Stavrovská, Zuzana (Author)
Corporate Author: Spoločne proti diskriminácii ľudí s mentálnym postihnutím (projekt) (Author)
Format: Book
Language:Slovak
PhysicalDescription:40 s. 21 cm
Published: Bratislava Združenie na pomoc ľuďom s mentálnym postihnutím v SR 2009
ISBN:9788089344031
Edition:[1. vyd.]
Subjects:

MARC

LEADER 00000cam a2200000 a 4500
001 vtls010025238
003 SK-MaSNL
005 20260301212545.0
008 240313s2009 xo f f 000 0 slo
015 |a SNBA2010/01-00438 
020 |a 9788089344031  |q (brož.) 
035 |a DDA4CD17-0BF9-451A-83CA-926477910C5B 
035 |a urn:nbn:sk:snk-amk9j6 
035 |a urn:nbn:sk:snk-am003cc8 
040 |a SNK  |b slo  |c SNK  |e AACR2 
041 0 |a slo 
044 |a xo  |c SK 
072 7 |a 316.3  |x Globálne spoločnosti. Sociálna štruktúra. Sociálne skupiny  |2 konspekt 
072 7 |a 342  |x Ústavné právo. Správne právo  |2 konspekt 
080 |a 316.344.6-056.36  |2 2001 
080 |a 342.7  |2 2001 
080 |a (035)  |2 2001 
080 |a 159.955.5  |2 2001 
100 1 |a Mišová, Iveta  |4 aut  |9 274838 
245 1 0 |a Podporované rozhodovanie  |b ... súčasť projektu Spoločne proti diskriminácii ľudí s mentálnym postihnutím  |c spracovali: Iveta Mišová a Zuzana Stavrovská 
250 |a [1. vyd.] 
260 |a Bratislava  |b Združenie na pomoc ľuďom s mentálnym postihnutím v SR  |c 2009 
300 |a 40 s.  |c 21 cm 
504 |a Pozn. 
521 |a Poradcovia pre zdravotne postihnutých 
650 0 7 |a mentálne postihnutí  |x právne postavenie  |2 SNKPH  |9 417884 
650 0 7 |a ľudské práva  |2 SNKPH  |9 798 
650 0 7 |a rozhodovanie  |2 SNKPH  |9 1671 
650 0 7 |a zdravotne postihnuté osoby  |2 SNKPH  |9 1249 
650 0 7 |a diskriminácia  |2 SNKPH  |9 4923 
650 0 7 |a práva menšín  |2 SNKPH  |9 2259 
655 7 |a príručky  |2 SNKPH  |9 74364 
700 1 |a Stavrovská, Zuzana  |4 aut  |9 27984 
710 2 |a Spoločne proti diskriminácii ľudí s mentálnym postihnutím (projekt)  |4 aut  |9 323701 
919 |a 978-80-89344-03-1 
958 |a OND 
999 |c 918502  |d 920432 
952 |a SNK  |b SNK  |y PREZ  |7 0  |p 17A0638953  |o snkSC 138069  |i snk2009/21194  |8 0  |0 0  |1 0  |4 0  |d 2009-11-26  |f 1  |l 0  |r 2025-07-04 00:00:00  |w 2026-02-24 
952 |a SNK  |b SNK  |y VYP  |7 0  |p 17A0638954  |o snkSC 138069 D1  |i snk2009/21196  |8 0  |0 0  |1 0  |4 0  |d 2009-11-26  |l 0  |r 2026-02-24 08:07:30  |w 2026-02-24